[Event "TCh-CHN 2012"]
[Site "Hangzhou CHN"]
[Date "2012.10.08"]
[Round "17"]
[White "Yu Shaoteng"]
[Black "Wan Yunguo"]
[Result "0-1"]
[WhiteElo "2507"]
[BlackElo "2441"]

1.e4 c5 2.Nc3 Nc6 3.Bb5 Nd4 4.Nf3 Nf6 5.e5 Nxb5 6.Nxb5 Nd5 7.Ng5 f5 8.O-O a6
9.Nc3 Nxc3 10.bxc3 e6 11.d4 Be7 12.Qh5+ g6 13.Qh6 Bf8 14.Qh3 Be7 15.f4 b5
16.dxc5 Bb7 17.Be3 Qc7 18.a4 bxa4 19.Rxa4 a5 20.Kh1 Bc6 21.Raa1 Bxg5 22.fxg5 O-O
23.Bd4 a4 24.c4 Be4 25.Qc3 Qc6 26.Rf2 f4 27.Kg1 Rf5 28.h4 f3 29.g3 Rff8 30.Qe3 Qb7
31.c6 Bxc6 32.Bc5 Rf7 33.Ba3 Qa6 34.Qd4 Rb8 35.Rd1 Ba8 36.c5 Bc6 37.Kh2 Rff8
38.Ra1 Rb7 39.Bb4 Qa8 40.c3 Qb8 41.Kg1 Rf5 42.Re1 Ra7 43.Ba3 Qb3 44.Ra1 Ra8
45.Rb2 f2+ 46.Rxf2 Rxf2 47.Qxf2 Rf8 48.Qd2 Rf3 49.Kh2 Rxc3 50.Qf4  0-1

[Event "3rd Copa Latino-Americana"]
[Site "Cali COL"]
[Date "2012.10.09"]
[Round "9.19"]
[White "Mercado,Lu"]
[Black "Munoz,Ju"]
[Result "0-1"]
[WhiteElo "2044"]
[BlackElo "2181"]

1.e4 c5 2.Nf3 Nc6 3.Nc3 e6 4.g3 d6 5.Bg2 Nf6 6.O-O Be7 7.d4 cxd4 8.Nxd4 e5
9.Nb3 Be6 10.Bg5 O-O 11.Qd2 Qd7 12.Rfd1 Rad8 13.Qe2 Qc8 14.Rd2 h6 15.Bxf6 Bxf6
16.h4 g5 17.hxg5 Bxg5 18.Rdd1 a6 19.Qe1 Nb4 20.Qe2 Bc4 21.Qh5 Nxc2 22.Rac1 Be6
23.Bf3 Bxb3 24.axb3 Nd4 25.Nd5 Qe6 26.Rc7 Nxf3+ 27.Qxf3 Rc8 28.Rxb7 Rc2 29.Qd3 Rxb2
30.Qxa6 Qg4 31.Qd3 Ra8 32.Nc3 Rc8 33.Kg2 Qe6 34.b4 Rb3 35.Qxd6 Qxd6 36.Rxd6 Rcxc3
37.Rdd7 Rf3 38.Rdc7  0-1

[Event "TATA 50th ch-IND National Premier 2012"]
[Site "Kolkata IND"]
[Date "2012.10.09"]
[Round "8.5"]
[White "Grover,S"]
[Black "G.,A"]
[Result "1-0"]
[WhiteElo "2516"]
[BlackElo "2343"]

1.e4 c5 2.Nf3 Nc6 3.Nc3 e5 4.Bc4 Be7 5.d3 d6 6.O-O Nf6 7.Ng5 O-O 8.f4 Bg4
9.Qe1 exf4 10.Bxf4 Nd4 11.Qd2 h6 12.Nf3 Nxf3+ 13.gxf3 Be6 14.Bxh6 gxh6 15.Qxh6 Nh7
16.Bxe6 fxe6 17.Qxe6+ Kh8 18.Nd5 Bf6 19.c3 Qe8 20.Qh3 Qc8 21.Qh6 Qd7 22.Kh1 Bg7
23.Qh5 Rae8 24.f4 c4 25.f5 Qf7 26.Qh3 Bf6 27.Nf4 Rg8 28.Rg1 Bg5 29.Ne6 Bf6
30.d4 Rxg1+ 31.Rxg1 Rg8 32.Rf1 b5 33.Nf4 Qb7 34.Re1 Re8 35.d5 Rg8 36.Ng6+ Kg7
37.Qg3 Ng5 38.h4 Re8 39.hxg5 Be5 40.Qh4 Kg8 41.f6 Qh7 42.Qxh7+ Kxh7 43.f7  1-0

[Event "TCh-Belgrade Premier 2012"]
[Site "Belgrade SRB"]
[Date "2012.10.10"]
[Round "9.3"]
[White "Dakic,D"]
[Black "Djordjevic,Dr"]
[Result "0-1"]
[WhiteElo "2037"]
[BlackElo "2202"]

1.e4 c5 2.Nf3 Nc6 3.Nc3 g6 4.Bb5 Bg7 5.O-O Nd4 6.Nxd4 cxd4 7.Ne2 e6 8.c3 a6
9.Bd3 dxc3 10.dxc3 Ne7 11.Bg5 h6 12.Bh4 g5 13.Bg3 e5 14.c4 Qb6 15.Qd2 O-O
16.h4 Qg6 17.c5 d6 18.hxg5 hxg5 19.cxd6 Qxd6 20.Rfd1 Qg6 21.Nc3 Be6 22.Nd5 Nc6
23.Rac1 Qh5 24.f3 Rad8 25.Kf2 Rd7 26.b4 Rfd8 27.Rh1 Qg6 28.Rc5 Bf8 29.Rc2 Bxd5
30.exd5 Rxd5 31.Bxg6 Rxd2+ 32.Ke3 Bxb4 33.Bh7+ Kg7 34.Rc4 Rxa2 35.Bb1 Rxg2
36.Rg4 Bd2+ 37.Ke4 Re2+  0-1

[Event "TCh-ROU League A 2012"]
[Site "Olanesti ROU"]
[Date "2012.10.10"]
[Round "5.3"]
[White "Patrascu,An"]
[Black "Posedaru,B"]
[Result "1/2-1/2"]
[WhiteElo "2238"]
[BlackElo "2318"]

1.e4 c5 2.Nf3 Nc6 3.Nc3 g6 4.d4 cxd4 5.Nxd4 Bg7 6.Be3 Nf6 7.Bc4 O-O 8.Bb3 a5
9.a4 Ng4 10.Qxg4 Nxd4 11.Bxd4 Bxd4 12.Qg3 d6 13.O-O-O Bg7 14.h4 Be6 15.Bxe6 fxe6
16.h5 Qe8 17.hxg6 Qxg6 18.Qxg6 hxg6 19.f3 Bxc3 20.bxc3 Kg7 21.Kd2 Rfc8 22.Rb1 Rc7
23.Rb3 Rac8 24.Rhb1 Kf6 25.Ra3 d5 26.Rb5 dxe4 27.fxe4 Rd8+ 28.Ke3 Rd1 29.Rab3 Rc4
30.Rxa5 Re1+ 31.Kd3 Rexe4 32.Rxb7 Rxa4 33.Rxa4 Rxa4  1/2-1/2

[Event "7th Americas Continental 2012"]
[Site "Mar del Plata ARG"]
[Date "2012.10.12"]
[Round "1.37"]
[White "Santiago,Y"]
[Black "Prallon Sampaio,Leonardo De Sou"]
[Result "1-0"]
[WhiteElo "2364"]
[BlackElo "1976"]

1.e4 c5 2.Nf3 Nc6 3.Nc3 d6 4.d4 cxd4 5.Nxd4 Nf6 6.Bg5 e5 7.Nb3 Be7 8.Bxf6 Bxf6
9.Qf3 Be6 10.O-O-O a6 11.Kb1 O-O 12.Nd5 Bxd5 13.exd5 Nd4 14.Nxd4 exd4 15.Bd3 Re8
16.h4 g6 17.h5 Bg7 18.hxg6 hxg6 19.Qh3 Qf6 20.f4 Re3 21.Qh7+ Kf8 22.g4 Rf3
23.f5 g5 24.Qh2 Qe5 25.Qd2 Re3 26.f6 Bxf6 27.Rhf1 Bg7 28.Rf5 Qg3 29.Rdf1 Re7
30.a3 Rae8 31.Qxg5 Re1+ 32.Ka2 Rxf1 33.Rxf1 Qe5 34.Rf5 Qh2 35.Qc1 Qg2 36.Qf4 Kg8
37.Qxd6 Qxg4 38.Qd7 Rf8 39.Qxb7 Qg6 40.Qd7 Qb6 41.d6 Qd8 42.Rxf7 Qxd7 43.Rxd7 Be5
44.Bxa6 Rf6 45.Bc4+ Kf8 46.Rd8+  1-0

[Event "7th Americas Continental 2012"]
[Site "Mar del Plata ARG"]
[Date "2012.10.12"]
[Round "1.73"]
[White "Bouwman,M"]
[Black "Aguero Arce,Matias"]
[Result "1-0"]
[WhiteElo "2233"]
[BlackElo "1633"]

1.e4 c5 2.Nf3 Nc6 3.Nc3 d6 4.d4 cxd4 5.Nxd4 Nf6 6.Be2 e6 7.Be3 Be7 8.O-O O-O
9.f4 e5 10.Nb3 a6 11.a4 Re8 12.f5 Bf8 13.a5 Nb4 14.Bg5 Bd7 15.Kh1 Bc6 16.Bf3 h6
17.Bh4 Be7 18.Qd2 Kh7 19.Bxf6 gxf6 20.Bh5 Rf8 21.Rf3 Rg8 22.Bxf7 Rg4 23.Rh3 Bf8
24.Qe2 Rg5 25.Rd1 Qc7 26.Bg6+ Kh8 27.Qc4 b5 28.axb6 Qxb6 29.Qf7 Qb7 30.Qxf6+ Bg7
31.Qxg5  1-0

[Event "7th Americas Continental 2012"]
[Site "Mar del Plata ARG"]
[Date "2012.10.12"]
[Round "1.41"]
[White "Della Morte,G"]
[Black "Fiora,E"]
[Result "0-1"]
[WhiteElo "2346"]
[BlackElo "1954"]

1.e4 c5 2.Nc3 Nc6 3.Nf3 g6 4.d4 cxd4 5.Nxd4 Bg7 6.Be3 d6 7.Bc4 Nf6 8.h3 O-O
9.Bb3 a6 10.O-O Bd7 11.Re1 Qc7 12.f4 b5 13.Nf3 e6 14.Qd3 Rad8 15.a4 b4 16.Na2 Bc8
17.c3 bxc3 18.Nxc3 Qb7 19.Ra3 Nb4 20.Qb1 Bd7 21.a5 Bc6 22.Bb6 Rc8 23.Bd1 Qe7
24.Be2 Nh5 25.Rb3 d5 26.f5 Nf4 27.Bf1 Bb7 28.Be3 dxe4 29.Nxe4 gxf5 30.Ng3 Nxh3+
31.gxh3 Bxf3 32.Bf2 Bd5 33.Nxf5 Qg5+ 34.Rg3 Qxf5 35.Bd4 f6 36.Qxf5 exf5 37.Re7 Rf7
38.Bxf6 Rxe7 39.Bxe7 Kf7 40.Bg5 Bd4+  0-1

[Event "7th Americas Continental 2012"]
[Site "Mar del Plata ARG"]
[Date "2012.10.12"]
[Round "1.20"]
[White "Schuh,Astor Jose"]
[Black "Real de Azua,E"]
[Result "0-1"]
[WhiteElo "2055"]
[BlackElo "2482"]

1.e4 c5 2.Nf3 Nc6 3.Nc3 d6 4.Bc4 Nf6 5.d4 cxd4 6.Nxd4 Qb6 7.Ndb5 a6 8.Be3 Qa5
9.b4 Nxb4 10.Nd4 Nbd5 11.Bxd5 Qxc3+ 12.Kf1 Nxd5 13.exd5 Qc4+ 14.Kg1 Qxd5
15.c4 Qa5 16.h4 e5 17.Nb3 Qc7 18.Rc1 Be7 19.h5 Be6 20.Nd2 f5 21.Rb1 O-O 22.h6 g6
23.Bb6 Qc6 24.Rh3 Rf7 25.Qe2 f4 26.Rh2 Bf5 27.Rb2 Bf6 28.f3 e4 29.Nxe4 Bxe4
30.fxe4 Bxb2 31.Qxb2 Qxe4 32.Rh3 Qxc4 33.Rc3 Qe6 34.Rf3 g5 35.Rh3 Re8 36.Bd4 g4
37.Rh5 Qg6 38.Ra5 g3 39.Bc3 Qxh6 40.Rh5 Qxh5  0-1

[Event "TCh-ROU League A 2012"]
[Site "Olanesti ROU"]
[Date "2012.10.12"]
[Round "7.3"]
[White "Patrascu,An"]
[Black "Nuta,D"]
[Result "1/2-1/2"]
[WhiteElo "2238"]
[BlackElo "2153"]

1.e4 c5 2.Nf3 Nc6 3.Nc3 e5 4.Bc4 Be7 5.d3 Nf6 6.O-O d6 7.h3 O-O 8.a3 Be6
9.Nd5 Bxd5 10.exd5 Nb8 11.b4 Nbd7 12.Be3 b6 13.Rb1 Rb8 14.Ba2 h6 15.Nd2 Ne8
16.bxc5 dxc5 17.f4 exf4 18.Bxf4 Bd6 19.Ne4 Bxf4 20.Rxf4 Ne5 21.d4 Ng6 22.Rf2 Nd6
23.Qd3 Nxe4 24.Qxe4 cxd4 25.Qxd4 Qd6 26.a4 Rbc8 27.a5 Rb8 28.c4 Ne5 29.axb6 axb6
30.Rb5 Rfe8 31.Bb1 g6 32.g4 Nxc4 33.Qf4 Re1+ 34.Kg2 Qxf4 35.Rxf4 Nd6 36.Rbb4 Kg7
37.Rfd4 b5 38.Bd3 Re3 39.Bf1 f5 40.Kf2 Re4 41.Rxe4 Nxe4+ 42.Ke3 Nd6 43.Kd4 Kf6
44.Bd3  1/2-1/2

[Event "7th Americas Continental 2012"]
[Site "Mar del Plata ARG"]
[Date "2012.10.13"]
[Round "2.26"]
[White "Caceres Recalde,F"]
[Black "Diaz Hollemaert,N"]
[Result "1/2-1/2"]
[WhiteElo "2159"]
[BlackElo "2408"]

1.e4 c5 2.Nf3 Nc6 3.Nc3 Nf6 4.g3 e5 5.Bg2 d6 6.d3 h6 7.O-O g6 8.Nd2 Bg7 9.Nc4 O-O
10.Ne3 Nd4 11.f4 exf4 12.gxf4 Nh5 13.Ncd5 Be6 14.c3 Nc6 15.f5 Bxd5 16.Nxd5 Nf6
17.fxg6 fxg6 18.Nxf6+ Rxf6 19.Qb3+ Kh8 20.Rxf6 Qxf6 21.Qxb7 Rf8 22.Be3 Ne5
23.Rf1 Qh4 24.Rxf8+ Bxf8 25.Bf2 Qf4 26.Bg3 Qe3+ 27.Bf2 Qf4 28.Bg3 Qe3+ 29.Bf2  1/2-1/2

[Event "TATA 50th ch-IND National Premier 2012"]
[Site "Kolkata IND"]
[Date "2012.10.14"]
[Round "13.1"]
[White "Sengupta,D"]
[Black "G.,A"]
[Result "1/2-1/2"]
[WhiteElo "2539"]
[BlackElo "2343"]

1.e4 c5 2.Nc3 Nc6 3.Bb5 Nd4 4.Nf3 g6 5.Nxd4 cxd4 6.Ne2 Bg7 7.O-O Nf6 8.d3 Qb6
9.Bc4 O-O 10.a4 e5 11.c3 d5 12.exd5 Bg4 13.cxd4 exd4 14.f3 Bd7 15.a5 Qc5
16.b4 Qc7 17.Re1 Rfe8 18.Bd2 Qd6 19.Qb3 Nh5 20.g3 Bh3 21.Nf4 Bh6 22.Qa4 Rxe1+
23.Rxe1 Nxf4 24.Re8+ Rxe8 25.Qxe8+ Kg7 26.gxf4 Bxf4 27.Qe2 Qf6 28.Bxf4 Qxf4
29.d6 Qg5+ 30.Kf2 Qh4+ 31.Kg1 Qg5+ 32.Kf2 Qh4+ 33.Kg1 Qg5+  1/2-1/2

[Event "7th Americas Continental 2012"]
[Site "Mar del Plata ARG"]
[Date "2012.10.14"]
[Round "3.53"]
[White "Santopietro,Gerardo"]
[Black "Tapie,P"]
[Result "1/2-1/2"]
[WhiteElo "2006"]
[BlackElo "2240"]

1.e4 c5 2.Nf3 Nc6 3.Nc3 e5 4.Bc4 Be7 5.d3 d6 6.h3 Nf6 7.Be3 Be6 8.Nd5 Bxd5
9.exd5 b5 10.Bxb5 Qa5+ 11.Qd2 Qxb5 12.c4 Qa6 13.dxc6 Qxc6 14.b4 cxb4 15.Qxb4 O-O
16.Rb1 Qc8 17.O-O Qf5 18.Qb7 Rfe8 19.Rb3 d5 20.cxd5 Rad8 21.d4 exd4 22.Nxd4 Qxd5
23.Qxd5 Nxd5 24.Nc6 Nxe3 25.Rxe3 Kf8  1/2-1/2

[Event "7th Americas Continental 2012"]
[Site "Mar del Plata ARG"]
[Date "2012.10.14"]
[Round "4.64"]
[White "Ferreira,K"]
[Black "Sepulveda Perez,Jorge Eduardo"]
[Result "1-0"]
[WhiteElo "2121"]
[BlackElo "1953"]

1.e4 c5 2.Nc3 Nc6 3.Bb5 d6 4.Bxc6+ bxc6 5.d3 g6 6.f4 Bg7 7.Nf3 Nf6 8.O-O O-O
9.Qe1 Bg4 10.Qh4 Bxf3 11.Rxf3 Qd7 12.f5 Rfe8 13.Bh6 Bh8 14.Raf1 Rab8 15.b3 d5
16.e5 Rb4 17.Qh3 Ng4 18.e6 fxe6 19.fxe6 Bd4+ 20.Kh1 Qd8 21.Ne2 Nxh6 22.Nxd4 Nf5
23.Nxf5 gxf5  1-0

[Event "7th Americas Continental 2012"]
[Site "Mar del Plata ARG"]
[Date "2012.10.15"]
[Round "5.88"]
[White "Farias,Sergio Luiz Cardoso"]
[Black "Curotto,Nicolas"]
[Result "0-1"]
[WhiteElo "1524"]
[BlackElo "1859"]

1.e4 c5 2.Nc3 Nc6 3.Nf3 g6 4.d4 cxd4 5.Nxd4 Bg7 6.Nxc6 bxc6 7.Bd2 d6 8.Be2 Nf6
9.O-O O-O 10.Re1 Be6 11.Qc1 d5 12.e5 Nd7 13.f4 Rb8 14.Bf3 Qb6+ 15.Kh1 Qxb2
16.Rb1 Qxc1 17.Rexc1 h5 18.h3 Bh6 19.Ne2 Nxe5 20.fxe5 Bxd2 21.Rd1 Be3 22.Rb3 Rxb3
23.axb3 Bf5 24.Ng3 Bxc2 25.Re1 Bf2 26.Re2 Bxg3 27.Rxc2 Rb8 28.Rc3 Bxe5 29.Re3 Bf6
30.Bd1 e5 31.Rc3 Rb6 32.Rf3 Bg5 33.Kg1 e4  0-1

[Event "7th Americas Continental 2012"]
[Site "Mar del Plata ARG"]
[Date "2012.10.16"]
[Round "6.52"]
[White "Tapie,P"]
[Black "Vazquez,M"]
[Result "1-0"]
[WhiteElo "2240"]
[BlackElo "2112"]

1.e4 c5 2.Nf3 Nc6 3.Nc3 e5 4.Bc4 d6 5.d3 Be7 6.O-O Nf6 7.Ng5 O-O 8.f4 Bg4
9.Qe1 exf4 10.Bxf4 Nd4 11.Qd2 h6 12.Nf3 Nxf3+ 13.gxf3 Bh3 14.Rfb1 Nh7 15.Kh1 Ng5
16.Qe3 Be6 17.Nd5 Bxd5 18.Bxd5 Qd7 19.Rg1 Kh7 20.Rg2 Nh3 21.Bg3 Bf6 22.c3 g5
23.Rf1 Be5 24.d4 cxd4 25.cxd4 Bf4 26.Qd3 Kh8 27.Bb3 Rac8 28.Bc2 f6 29.Re2 Rc7
30.Kg2 h5 31.e5 fxe5 32.Qg6 h4 33.Qh6+ Kg8 34.Bb3+ d5 35.Qg6+ Kh8 36.Rxe5 Rc6
37.Qh5+ Kg7 38.Rxd5 Qc8 39.Re1 Rc7 40.Rc5 Rh8 41.Qg4 Qxg4 42.Rxc7+ Bxc7 43.fxg4 hxg3
44.Re7+ Kg6 45.Rxc7 Nf4+ 46.Kxg3 Rh3+ 47.Kf2 Rxh2+ 48.Kf3 Rxb2 49.Rxb7 Rd2
50.Rd7 Kf6 51.Bc4 Rc2 52.Rf7+ Kg6 53.Rc7 Kf6 54.Rc6+ Kg7 55.Ke4 Ng6 56.Rc7+ Kh6
57.d5 Rf2 58.d6 Rf4+ 59.Kd5 Rf2 60.Bd3 Rd2 61.Kd4 Nf4 62.Rh7+  1-0

[Event "7th Americas Continental 2012"]
[Site "Mar del Plata ARG"]
[Date "2012.10.17"]
[Round "7.21"]
[White "Supi,L"]
[Black "Julia,E"]
[Result "1/2-1/2"]
[WhiteElo "2287"]
[BlackElo "2370"]

1.e4 c5 2.Nf3 Nc6 3.Nc3 g6 4.d4 cxd4 5.Nxd4 Bg7 6.Be3 Nf6 7.Bc4 O-O 8.Bb3 a5
9.a4 Ng4 10.Qxg4 Nxd4 11.Qh4 Nxb3 12.cxb3 d6 13.Nd5 e6 14.Qxd8 Rxd8 15.Nc7 Rb8
16.Ba7 Bd7 17.Bxb8 Rxb8 18.Nb5 Bxb2 19.Ra2 Rc8 20.O-O Bxb5 21.axb5 Bd4 22.Rxa5 Rc3
23.b4 Rb3 24.Ra8+ Kg7 25.Rd8 Rxb4 26.Rxd6 Bc5 27.Rd7 b6 28.Rd2 Rxe4 29.Rb2 Rc4
30.g3 Bd4 31.Rbb1 Rc2 32.Kg2 g5 33.Rbc1 Rb2 34.Rb1 Ra2 35.g4 e5 36.Rbd1 Ra5
37.Rb1 Ra2 38.Rbd1 f6 39.Kf3 h5 40.Ke4 hxg4 41.Kf5 Kf7 42.Rc1 Bc5 43.Ra1 Rb2
44.Rab1 Ra2 45.Ra1 Rb2  1/2-1/2

[Event "NIT Nagpur GM Open 2012"]
[Site "Nagpur IND"]
[Date "2012.10.18"]
[Round "5.13"]
[White "Vishnu,P"]
[Black "Rahman,Tai"]
[Result "1-0"]
[WhiteElo "2473"]
[BlackElo "2324"]

1.e4 c5 2.Nf3 Nc6 3.Nc3 e5 4.Bc4 Be7 5.d3 Nf6 6.Ng5 O-O 7.O-O d6 8.f4 exf4
9.Bxf4 h6 10.Nf3 Be6 11.Nd5 Bxd5 12.Bxd5 Nxd5 13.exd5 Ne5 14.Bxe5 dxe5 15.c4 Bf6
16.Qe2 g6 17.Nd2 Bg7 18.Ne4 b6 19.g4 Qh4 20.Kh1 f5 21.gxf5 gxf5 22.Ng3 f4
23.Ne4 Rf5 24.Rf2 Kh8 25.Rg1 Rg8 26.Qf3 Bf8 27.Rfg2 Rg7 28.Rxg7 Bxg7 29.Qg2 Qe7
30.Qh3 Rf8 31.Ng5 f3 32.Nxf3 e4 33.Nh4 Kh7 34.Nf5 Rxf5  1-0

[Event "Danilo Batricevic Mem Balkan GP"]
[Site "Cetinje MNE"]
[Date "2012.10.20"]
[Round "1.21"]
[White "Lakusic,Zoran"]
[Black "Veleski,R"]
[Result "0-1"]
[WhiteElo "1672"]
[BlackElo "2308"]

1.e4 c5 2.Nc3 Nc6 3.Nf3 g6 4.d4 cxd4 5.Nxd4 Bg7 6.Be3 Nf6 7.Nxc6 dxc6 8.Qxd8+ Kxd8
9.Rd1+ Ke8 10.Bd4 b6 11.h3 Nh5 12.Bxg7 Nxg7 13.Bd3 Ne6 14.O-O Nf4 15.Rd2 Nxd3
16.cxd3 Ba6 17.Rfd1 Rd8 18.b3 Rd4 19.f3 Kd8 20.Ne2 Rd7 21.Kf2 Kc7 22.Ke3 e5
23.g3 Rhd8 24.a3 Rd6 25.h4 f5 26.f4 Re8 27.fxe5 Rxe5 28.Kf4 Ra5 29.a4 fxe4
30.Kxe4 Re6+ 31.Kf3 Rae5 32.Nf4 Re8 33.Re2 Rxe2 34.Nxe2 Bc8 35.Rd2 a5 36.Nf4 Kd6
37.d4 Bf5 38.g4 Be4+ 39.Kg3 Bd5 40.Nxd5 Kxd5 41.Kf4 h6 42.h5 Re4+ 43.Kf3 gxh5
44.gxh5 Rh4  0-1

[Event "Danilo Batricevic Mem Balkan GP"]
[Site "Cetinje MNE"]
[Date "2012.10.21"]
[Round "2.16"]
[White "Kontic,D"]
[Black "Draskovic,L"]
[Result "1/2-1/2"]
[WhiteElo "2336"]
[BlackElo "2330"]

1.e4 c5 2.Ne2 Nc6 3.Nbc3 d6 4.d4 cxd4 5.Nxd4 Nf6 6.Be3 Ng4 7.Bb5 Nxe3 8.Nxc6 Nxd1
9.Nxd8+ Kxd8 10.Rxd1 e6 11.Be2 a6 12.h4 Kc7 13.Rh3 Be7 14.Rf3 Rf8 15.Rfd3 b6
16.Bf3 Bb7 17.Na4 Bc6 18.Nc3 Rfd8 19.g3 Rac8 20.a4 Bf6 21.Be2 Kb7 22.Rxd6 Rxd6
23.Rxd6 Bxc3+ 24.bxc3 Bxa4 25.Kd2 Bc6 26.e5 a5 27.Kc1 Kc7 28.Rd4 Rd8 29.Rg4 g6
30.Rf4 Rd7 31.h5 Kd8 32.h6 Ke7 33.Bd3 Rd5 34.Be4 Rc5 35.Bxc6 Rxc6 36.Kb2 Rc5
37.Re4 Rd5 38.f4 Rc5 39.Rd4 Rb5+ 40.Ka3 Rd5 41.g4 Rxd4 42.cxd4 b5 43.c3 f6
44.exf6+ Kxf6 45.d5 exd5 46.Kb3 g5 47.f5 Ke5 48.Ka3 Kd6 49.Kb2 Kc6 50.Ka3 Kc5
51.Ka2 b4 52.cxb4+ axb4 53.Kb3 d4 54.f6 Kd6 55.Kxb4 Ke6 56.Kc4 Kxf6 57.Kxd4 Kg6
58.Ke5 Kxh6 59.Kf6  1/2-1/2

[Event "38th Guernsey Open"]
[Site "Guernsey GCI"]
[Date "2012.10.21"]
[Round "1"]
[White "Morcom,H"]
[Black "Hamperl,F"]
[Result "0-1"]
[WhiteElo "1958"]
[BlackElo "2130"]

1.e4 c5 2.Nf3 Nc6 3.Nc3 e5 4.Bb5 d6 5.h3 Be7 6.Nd5 Nf6 7.Nxe7 Qxe7 8.d3 O-O
9.Bg5 h6 10.Bh4 Be6 11.Bxc6 bxc6 12.g4 Rab8 13.Qc1 Rb7 14.g5 hxg5 15.Bxg5 c4
16.Rg1 Rfb8 17.b3 cxd3 18.cxd3 Kf8 19.Bh4 d5 20.Qg5 Qb4+ 21.Nd2 Ne8 22.Qxe5 dxe4
23.Qxe4 Qc3 24.Ke2 f6 25.Rac1 Qa5 26.Qh7 Re7 27.Qh8+ Bg8+ 28.Ne4 Qxa2+ 29.Ke3 Rxb3
30.Rxc6 Rxe4+ 31.Kxe4 Qe2+  0-1

[Event "Danilo Batricevic Mem Balkan GP"]
[Site "Cetinje MNE"]
[Date "2012.10.22"]
[Round "4.13"]
[White "Nikac,P"]
[Black "Batricevic,S"]
[Result "1/2-1/2"]
[WhiteElo "2336"]
[BlackElo "2239"]

1.e4 c5 2.Nc3 Nc6 3.Nge2 Nf6 4.g3 d5 5.exd5 Nd4 6.Bg2 Bg4 7.h3 Bf3 8.Bxf3 Nxf3+
9.Kf1 Nxd5 10.Nf4 Nxf4 11.Qxf3 Ne6 12.Qxb7 f5 13.Qb5+ Kf7 14.Qc4 Qd4 15.Qd5 Qxd5
16.Nxd5 Rd8 17.Nf4 Nd4 18.c3 e5 19.Ng2 Nf3 20.d3 Rxd3 21.Ke2 e4 22.Be3 Be7
23.Ne1 Nxe1  1/2-1/2

[Event "Danilo Batricevic Mem Balkan GP"]
[Site "Cetinje MNE"]
[Date "2012.10.22"]
[Round "4.17"]
[White "Kontic,D"]
[Black "Batricevic,J"]
[Result "1-0"]
[WhiteElo "2336"]
[BlackElo "2158"]

1.e4 c5 2.Nc3 Nc6 3.Nge2 Nf6 4.d4 cxd4 5.Nxd4 e5 6.Ndb5 d6 7.Bg5 a6 8.Na3 b5
9.Nd5 Be7 10.Bxf6 Bxf6 11.c3 Bg5 12.Nc2 O-O 13.h4 Bh6 14.Nce3 Ne7 15.Nxe7+ Qxe7
16.Nd5 Qb7 17.g4 Bf4 18.Qf3 Be6 19.Nxf4 exf4 20.Bg2 Qe7 21.Qxf4 Rae8 22.Kf1 h5
23.Rd1 Rd8 24.gxh5 Bxa2 25.Kg1 Be6 26.Rd3 f5 27.Rg3 fxe4 28.Qxe4 Rf6 29.Kh2 Rdf8
30.Re1 Qd8 31.Qd4 R8f7 32.Rxe6 Rxe6 33.Bd5 Re5 34.Bxf7+ Kxf7 35.Qg4 Qh8 36.Qd7+ Kg8
37.Qc8+ Kh7 38.Qg4 Kg8 39.Kg2 Qh6 40.Qc8+ Kh7 41.Qb7 Rxh5 42.Qe4+ g6 43.Qe7+ Qg7
44.Qxd6 Rf5 45.Qxa6 Qf7 46.Qb6 Qd5+ 47.Kg1 Qf7 48.b3 Re5 49.c4 bxc4 50.bxc4 Qf5
51.Qa7+ Kh6 52.Qd4 Qf6 53.Re3 Rf5 54.Qxf6 Rxf6 55.c5  1-0

[Event "38th Guernsey Open"]
[Site "Guernsey GCI"]
[Date "2012.10.22"]
[Round "2"]
[White "Hamperl,F"]
[Black "Thurlow,K"]
[Result "1-0"]
[WhiteElo "2130"]
[BlackElo "2025"]

1.e4 c5 2.Nc3 Nc6 3.Bb5 Nd4 4.Bc4 e6 5.Nge2 a6 6.Nxd4 cxd4 7.Ne2 Bc5 8.d3 Ne7
9.Bb3 d5 10.Ng3 O-O 11.O-O Qc7 12.Qh5 Rd8 13.f4 dxe4 14.Nxe4 Nd5 15.Rf3 g6
16.Qh4 Be7 17.Ng5 h5 18.Bd2 b5 19.g4 f6 20.gxh5 fxg5 21.fxg5 Rf8 22.hxg6 Bd6
23.Raf1 Qg7 24.Rxf8+ Bxf8 25.Qh7+ Qxh7 26.gxh7+  1-0

[Event "4th Marcel Duchamp Premier"]
[Site "Buenos Aires ARG"]
[Date "2012.10.23"]
[Round "1"]
[White "Espinoza Palomino,W"]
[Black "Pichot,A"]
[Result "0-1"]
[WhiteElo "2265"]
[BlackElo "2300"]

1.e4 c5 2.Nf3 Nc6 3.Nc3 Nf6 4.Bb5 Qc7 5.d3 a6 6.Bxc6 dxc6 7.a4 b6 8.h3 e5
9.O-O Be7 10.Nd2 Be6 11.Ne2 Nh5 12.b3 O-O 13.Nf3 f5 14.Bb2 Bf6 15.Ng3 Nxg3
16.fxg3 fxe4 17.dxe4 c4 18.b4 Rfd8 19.Qe2 c5 20.Bc3 cxb4 21.Bxb4 c3 22.Qe3 Rac8
23.a5 Qc4 24.Rfb1 Rd4 25.Nxd4 exd4 26.Qf4 bxa5 27.Bxa5 d3 28.e5 Qc5+ 29.Kh2 Bxe5
30.Qe4 Bf5 31.Qb4 Qf2 32.Qh4 Be4 33.Rg1 d2 34.Raf1 Qe3 35.Bb6 Qe2 36.Qe7 Bf5
37.Qb7 Be6 38.Rf2 d1=Q 39.Rxd1 Qxd1 40.Bc5 Qd7 41.Qf3 h5  0-1

[Event "38th Guernsey Open"]
[Site "Guernsey GCI"]
[Date "2012.10.23"]
[Round "3"]
[White "Havenaar,J"]
[Black "Finke,Maurice"]
[Result "1-0"]
[WhiteElo "2111"]
[BlackElo "1910"]

1.Nc3 c5 2.e4 Nc6 3.Bb5 Nd4 4.Nf3 Nxb5 5.Nxb5 a6 6.Nc3 g6 7.d4 Bg7 8.Be3 cxd4
9.Bxd4 Nf6 10.e5 Nh5 11.Qd2 d6 12.Nd5 dxe5 13.Bb6 Qd6 14.Nc7+ Kf8 15.Nxa8 e4
16.Qxd6 exd6 17.Nd4 Nf4 18.Rg1 Nd5 19.O-O-O Bg4 20.f3 Bd7 21.fxe4 Ne3 22.Ne6+  1-0

[Event "16th Unive Open"]
[Site "Hoogeveen NED"]
[Date "2012.10.23"]
[Round "5"]
[White "Vos,T"]
[Black "Kollen,Z"]
[Result "1/2-1/2"]
[WhiteElo "2003"]
[BlackElo "2174"]

1.e4 c5 2.Nf3 Nc6 3.Nc3 Nf6 4.d4 cxd4 5.Nxd4 e5 6.Ndb5 d6 7.Bg5 a6 8.Na3 b5
9.Nd5 Be7 10.Bxf6 Bxf6 11.c3 Bg5 12.Nc2 Rb8 13.Be2 O-O 14.O-O Be6 15.Nce3 Kh8
16.Qd3 Bxe3 17.Nxe3 Ne7 18.Rfd1 Rb6 19.Rd2 Qd7 20.c4 Rc8 21.Nd5 Bxd5 22.cxd5 b4
23.Rc2 a5 24.Rac1 Rbb8 25.Qa6 f5 26.Qxa5 Rxc2 27.Rxc2 fxe4 28.Rc7 Qd8 29.Qa7 Ra8
30.Qb7 Rb8 31.Qa7 Nxd5 32.Rxg7 Nf6 33.Bg4 Ra8 34.Qb7 Rb8 35.Qa7 Ra8  1/2-1/2

[Event "Danilo Batricevic Mem Balkan GP"]
[Site "Cetinje MNE"]
[Date "2012.10.24"]
[Round "6.11"]
[White "Kontic,D"]
[Black "Scekic,V"]
[Result "1/2-1/2"]
[WhiteElo "2336"]
[BlackElo "2189"]

1.e4 c5 2.Nc3 Nc6 3.Bb5 g6 4.Nf3 Bg7 5.O-O a6 6.Bxc6 dxc6 7.e5 Nh6 8.h3 Nf5
9.Ne4 b6 10.Re1 O-O 11.c3 f6 12.Qb3+ Kh8 13.d3 Nh6 14.exf6 exf6 15.Bf4 Nf7
16.Rad1 g5 17.Bc1 g4 18.hxg4 Bxg4 19.d4 Bxf3 20.gxf3 f5 21.dxc5 Qh4 22.Kg2 fxe4
23.Rxe4 Qf6 24.Rf4 Qg6+ 25.Rg4 Qf6 26.Rf4 Qg6+ 27.Rg4 Qf6  1/2-1/2

[Event "38th Guernsey Open"]
[Site "Guernsey GCI"]
[Date "2012.10.24"]
[Round "4"]
[White "Murray,JS"]
[Black "Nebel,U"]
[Result "0-1"]
[WhiteElo "1858"]
[BlackElo "2015"]

1.e4 c5 2.Nf3 Nc6 3.Nc3 g6 4.Bb5 Bg7 5.Bxc6 bxc6 6.O-O f6 7.d3 Nh6 8.Be3 d6
9.h3 O-O 10.Qd2 Nf7 11.Rab1 e6 12.Ne2 Qe7 13.Ng3 Bb7 14.Nh2 Rfd8 15.b3 d5
16.Qe2 Ba6 17.Nf3 d4 18.Bd2 e5 19.Ne1 Re8 20.f4 exf4 21.Bxf4 Ne5 22.Nf3 Rf8
23.Rbe1 Rae8 24.Nxe5 fxe5 25.Bc1 Qh4 26.Rxf8+ Rxf8 27.Nf1 Rf4 28.Nd2 Qg3
29.Nf3 Rxf3 30.Qxf3 Qxe1+ 31.Qf1 Qxf1+ 32.Kxf1 Kf7 33.Kf2 Bc8  0-1

[Event "Danilo Batricevic Mem Balkan GP"]
[Site "Cetinje MNE"]
[Date "2012.10.25"]
[Round "7.4"]
[White "Dinev,De"]
[Black "Miladinovic,I"]
[Result "0-1"]
[WhiteElo "2348"]
[BlackElo "2554"]

1.e4 c5 2.Nc3 Nc6 3.Bb5 Nd4 4.Bc4 a6 5.a4 Nf6 6.d3 e6 7.Nge2 d5 8.Ba2 dxe4
9.dxe4 b5 10.f3 Ra7 11.Nxd4 cxd4 12.Ne2 Bc5 13.Qd3 Nd7 14.f4 bxa4 15.O-O Bb6
16.Kh1 O-O 17.Bc4 Rc7 18.Ng3 h5 19.Nxh5 Qh4 20.Ng3 Nf6 21.Rxa4 Ng4 22.h3 Ne3
23.Bxe3 dxe3 24.Ne2 Bb7 25.Bxa6 Ra8 26.Qb5 Rxa6 27.Rxa6 Bxa6 28.Qxa6 Rxc2
29.b4 Qd8 30.Kh2 Bc7 31.Kg3 g5 32.Qb5 gxf4+ 33.Kf3 Qh4 34.g3 fxg3 35.Kxe3 Qh6+
36.Kf3 Qxh3 37.Rg1 Kf8  0-1

[Event "39th ch-IND Premier w 2012"]
[Site "Jalgaon IND"]
[Date "2012.10.25"]
[Round "2.3"]
[White "Divyasri,C"]
[Black "Swathi,G"]
[Result "0-1"]
[WhiteElo "2160"]
[BlackElo "2263"]

1.e4 c5 2.Nc3 Nc6 3.Bb5 Nd4 4.Bc4 e6 5.Nge2 a6 6.a4 Nf6 7.O-O Nc6 8.Ba2 Be7
9.f4 d6 10.d3 O-O 11.f5 exf5 12.exf5 d5 13.Ng3 b5 14.Nce2 Bb7 15.Nf4 Nb4
16.Bb1 d4 17.c3 dxc3 18.bxc3 Nbd5 19.Nxd5 Nxd5 20.Bd2 b4 21.Ne4 bxc3 22.Nxc3 Bf6
23.Qc1 Nb4 24.Ra3 Nxd3 25.Bxd3 Qxd3 26.Nd1 Bd4+ 27.Be3 Qe4 28.Ra2 Rfe8 29.Bxd4 Qxd4+
30.Raf2 f6 31.Nb2 Rac8 32.Rd1 Qg4 33.Qc4+ Qxc4 34.Nxc4 Bc6 35.Rc1 Rb8 36.a5 h6
37.Nb6 Re5 38.Nc4 Re4 39.Nb6 c4 40.Rfc2 Bb5 41.Nxc4 Bxc4 42.Rxc4 Rxc4 43.Rxc4 Rb5
44.Rc8+ Kh7 45.g4 h5 46.h3 hxg4 47.hxg4 Rb4 48.Rc6 Rxg4+ 49.Kh2 Rf4 50.Rxa6 Rxf5
51.Ra8 Rf3 52.a6 Ra3 53.Kg2 Kg6 54.Kf2 Kf5 55.a7 Kf4 56.Ke2 f5 57.Kd2 Kg4
58.Rb8 Rxa7 59.Rb4+ f4 60.Ke2 Ra2+ 61.Kf1 Kg3 62.Rb5 Ra1+ 63.Ke2 f3+ 64.Ke3 Re1+
65.Kd2 f2 66.Rg5+ Kh4  0-1